00670nam a2200217 a 4500001001300000003000900013005001700022008004100039020002300080082001500103100001900118245006900137260004000206300000900246500003500255650001400290902000800304942000700312952011600319999001700435nice12345678IN_TiNIC20260116014523.0100217s2007 dela grp 000 0 eng  a9788187358367c79500a322.1bVRI aVries, Hent De aPolitical Theilogiesb Pu Blic Religions in a Post-Secular World aDelhi bSocial Science Press c2007 a359p aincludes index and biblioraphy aReligious bSRS cBK 001040708StackRoom-aHMIbHMId2010-02-17g795.00l0o322.1 VRIp023186r2010-02-17v795.00w2010-02-17yBK c15754d15754